| 000 | 00359nam a22001697a 4500 | ||
|---|---|---|---|
| 003 | SGT | ||
| 020 | _a9789392787201 | ||
| 082 |
_a340 _bC22Y |
||
| 100 | _aYADAV, VIPIN | ||
| 245 | _aCAPITAL PUNISHMENT | ||
| 250 | _a1ST | ||
| 260 |
_aNEW DELHI _bS.S.BOOKS _c2022 |
||
| 300 | _a133 | ||
| 650 | _aLAW | ||
| 653 | _aCAPITAL, PUNISHMENT, LAW | ||
| 942 |
_2ddc _cBK |
||
| 999 |
_c24603 _d24603 |
||